000 00327nam a2200109Ia 4500
008 171204s9999 xx 000 0 und d
245 _aVideo Games, Violence, and Crime:
245 _cPatricia D. Netzley
260 _c2014
650 _xVIDEO PRODUCTION AND DIRECTION
856 _uhttp://down.ebook777.com/046/9781601527523.pdf
999 _c346215
_d346215